The future of marriage in western civilisation

Αποθηκεύτηκε σε:
Λεπτομέρειες βιβλιογραφικής εγγραφής
Κύριος συγγραφέας: Westermarck, Edward, 1862-1939
Μορφή: Βιβλίο
Γλώσσα:English
Δημοσίευση: Freeport : Books for Libraries Press, 1970
Θέματα:
Ετικέτες: Προσθήκη ετικέτας
Δεν υπάρχουν, Καταχωρήστε ετικέτα πρώτοι!

MARC

LEADER 00000cam a2200000 i 4500
001 1/2453
008 000507r19701936 eng d
020 |a 08369-5304-5 
035 |l 10060429 
040 |a GR-MY-UA  |b gre  |e aacr 
041 0 |a eng 
082 0 |a 306.81 
100 1 |a Westermarck, Edward,   |d 1862-1939. 
245 1 4 |a The future of marriage in western civilisation /  |c Edward Westermarck 
260 |a Freeport :   |b Books for Libraries Press,   |c 1970 
300 |a xiv, 281 σ.;  |c 23 εκ. 
500 |a Reprint of the 1936 ed. 
504 |a Περιέχει βιβλιογραφικές παραπομπές και ευρετήριο 
650 0 0 |a Marriage. 
650 0 0 |a Married people. 
650 0 0 |a Sex in marriage. 
852 |a INST  |b LESVOS  |e 20000507  |h 306.81 WES  |p 005100021094  |q 005100021094  |t BK  |y 0 
901 |a BIBL1-2000-2 
909 |a Λ  |b 034404 
970 |z 2000/05/ΜΙΧΑΗΛΙΔΟΥ ΑΝΝΑ